100 sobrenomes mais comuns no Brasil - Statistics

Estatísticas Gerais
  • Esse quiz foi jogado 717 vezes
  • A pontuação média é 33 de 100
Estatísticas das Respostas
Inicial Sobrenome % Correto
S Silva
96%
S Santos
86%
S Souza
81%
O Oliveira
80%
P Pereira
73%
A Alves
72%
C Costa
72%
L Lima
71%
F Ferreira
68%
G Gomes
61%
R Rodrigues
57%
A Almeida
56%
C Carvalho
56%
F Fernandes
56%
V Vieira
52%
A Andrade
47%
B Barbosa
47%
M Martins
47%
L Lopes
46%
R Ribeiro
45%
D Dias
44%
N Nunes
44%
M Moreira
43%
N Nascimento
43%
R Rocha
43%
G Gonçalves
42%
M Mendes
42%
P Pinto
42%
C Cardoso
41%
S Soares
41%
C Castro
39%
M Moura
39%
B Barros
38%
M Moraes
38%
R Ramos
38%
S Santana
37%
G Guimarães
36%
M Machado
36%
M Mello
36%
Q Queiroz
36%
T Tavares
36%
C Campos
35%
D Duarte
35%
F Freitas
35%
M Marques
35%
T Teixeira
34%
A Albuquerque
30%
B Batista
30%
F Faria
30%
R Reis
30%
B Brito
29%
M Monteiro
29%
N Neves
29%
N Nogueira
29%
P Pires
29%
C Correia
28%
C Cruz
28%
F Fonseca
28%
T Torres
28%
C Coelho
27%
F Figueiredo
27%
M Macedo
26%
A Azevedo
25%
C Cabral
24%
A Antunes
23%
C Camargo
23%
M Maia
23%
M Miranda
23%
A Abreu
21%
A Aguiar
21%
B Bernardes
21%
B Bezerra
21%
D Dantas
21%
G Garcia
21%
P Paiva
21%
C Cunha
20%
G Guedes
19%
L Lins
19%
P Peixoto
19%
A Amorim
18%
C Couto
18%
L Lemos
18%
B Bastos
17%
L Leal
15%
B Bueno
14%
C Chaves
14%
D Domingues
14%
P Pimenta
14%
S Santiago
14%
E Esteves
13%
P Pacheco
13%
C Coutinho
12%
C Carmo
11%
H Henriques
9%
M Mesquita
9%
S Simões
8%
S Saraiva
7%
F Furtado
6%
F Frota
5%
S Seabra
1%
Nenhum quiz correspondente encontrado
Distribuição das Pontuações
Porcentagem de Pessoas com Cada Pontuação
Percentil de Números Respondidos
Sua Pontuação Histórica
Você não jogou esse quiz